"Top 6" Tile Select - Sports Records - Statistics

General Stats
  • This quiz has been taken 29 times
  • The average score is 47 of 64
Answer Stats
Question Tile Select % Correct
Who are the "top 6" baseball players with the most home runs? (Includes players who will forever have an (*) next to their name and total) Babe Ruth Yes
100%
Who are the "top 6" baseball players with the most home runs? (Includes players who will forever have an (*) next to their name and total) Frank Robinson No
100%
Who are the "top 6" all-time scorers in NBA history? John Havlicek No
100%
Who are the "top 6" baseball players with the most home runs? (Includes players who will forever have an (*) next to their name and total) Rafael Palmeiro No
100%
Who are the "top 6" all-time scorers in NBA history? Dominique Wilkins No
96%
Who are the "top 6" baseball players with the most home runs? (Includes players who will forever have an (*) next to their name and total) Harmon Killebrew No
96%
Who are the "top 6" all-time scorers in NBA history? Kareem Abdul-Jabbar Yes
96%
Who are the "top 6" all-time scorers in NBA history? Michael Jordan Yes
96%
Who are the "top 6" all-time scorers in NBA history? Oscar Robertson No
96%
Who are the "top 6" all-time scorers in NBA history? Paul Pierce No
96%
Who are the "top 6" baseball players with the most home runs? (Includes players who will forever have an (*) next to their name and total) Barry Bonds Yes
93%
Who are the "top 6" baseball players with the most home runs? (Includes players who will forever have an (*) next to their name and total) David Ortiz No
93%
Who are the "top 6" all-time scorers in NBA history? Elvin Hayes No
93%
Who are the "top 6" baseball players with the most home runs? (Includes players who will forever have an (*) next to their name and total) Frank Thomas No
93%
Who are the "top 6" baseball players with the most home runs? (Includes players who will forever have an (*) next to their name and total) Hank Aaron Yes
93%
Who are the "top 6" point leaders in the National Hockey League? Mark Recchi No
93%
Who are the "top 6" point leaders in the National Hockey League? Wayne Gretzky Yes
93%
Who are the "top 6" women soccer players with the most international goals? Carolina Morace No
89%
Who are the "top 6" baseball players with the most home runs? (Includes players who will forever have an (*) next to their name and total) Jim Thome No
89%
Who are the "top 6" all-time scorers in NBA history? Lebron James Yes
89%
Who are the "top 6" all-time scorers in NBA history? Moses Malone No
89%
Who are the "top 6" women soccer players with the most international goals? Elisabetta Vignotto No
86%
Who are the "top 6" all-time scorers in NBA history? Hakeem Olajuwon No
86%
Who are the "top 6" women soccer players with the most international goals? Patrizia Panico No
86%
Who are the "top 6" point leaders in the National Hockey League? Ray Bourque No
86%
Who are the "top 6" baseball players with the most home runs? (Includes players who will forever have an (*) next to their name and total) Reggie Jackson No
86%
Who are the "top 6" point leaders in the National Hockey League? Stan Mikita No
86%
Who are the "top 6" all-time scorers in NBA history? Tim Duncan No
86%
Who are the "top 6" point leaders in the National Hockey League? Joe Sakic No
82%
Who are the "top 6" point leaders in the National Hockey League? Joe Thornton No
82%
Who are the "top 6" all-time scorers in NBA history? Kobe Bryant Yes
82%
Who are the "top 6" point leaders in the National Hockey League? Paul Coffey No
82%
Who are the "top 6" women soccer players with the most international goals? Portia Modese No
82%
Who are the "top 6" women soccer players with the most international goals? Han Duan No
79%
Who are the "top 6" women soccer players with the most international goals? Julie Fleeting No
79%
Who are the "top 6" all-time scorers in NBA history? Shaquille O-Neal No
79%
Who are the "top 6" point leaders in the National Hockey League? Phil Esposito No
75%
Who are the "top 6" baseball players with the most home runs? (Includes players who will forever have an (*) next to their name and total) Sammy Sosa No
75%
Who are the "top 6" women soccer players with the most international goals? Sun Wen No
75%
Who are the "top 6" baseball players with the most home runs? (Includes players who will forever have an (*) next to their name and total) Alex Rodriguez Yes
71%
Who are the "top 6" point leaders in the National Hockey League? Jaromir Jagr Yes
71%
Who are the "top 6" baseball players with the most home runs? (Includes players who will forever have an (*) next to their name and total) Mark McGwire No
71%
Who are the "top 6" all-time scorers in NBA history? Karl Malone Yes
68%
Who are the "top 6" baseball players with the most home runs? (Includes players who will forever have an (*) next to their name and total) Ken Griffey Jr. No
68%
Who are the "top 6" women soccer players with the most international goals? Michelle Akers No
68%
Who are the "top 6" baseball players with the most home runs? (Includes players who will forever have an (*) next to their name and total) Willie Mays Yes
68%
Who are the "top 6" women soccer players with the most international goals? Abby Wambach Yes
64%
Who are the "top 6" point leaders in the National Hockey League? Gordie Howe Yes
64%
Who are the "top 6" point leaders in the National Hockey League? Mark Messier Yes
64%
Who are the "top 6" women soccer players with the most international goals? Mia Hamm Yes
61%
Who are the "top 6" point leaders in the National Hockey League? Steve Yzerman No
61%
Who are the "top 6" point leaders in the National Hockey League? Brett Hull No
57%
Who are the "top 6" women soccer players with the most international goals? Carli Lloyd Yes
50%
Who are the "top 6" women soccer players with the most international goals? Marta No
50%
Who are the "top 6" all-time scorers in NBA history? Wilt Chamberlain No
46%
Who are the "top 6" women soccer players with the most international goals? Christine Sinclair Yes
43%
Who are the "top 6" all-time scorers in NBA history? Dirk Nowitzki Yes
39%
Who are the "top 6" baseball players with the most home runs? (Includes players who will forever have an (*) next to their name and total) Albert Pujols Yes
36%
Who are the "top 6" women soccer players with the most international goals? Kristine Lilly Yes
36%
Who are the "top 6" women soccer players with the most international goals? Birgit Prinz Yes
29%
Who are the "top 6" point leaders in the National Hockey League? Mario Lemieux No
29%
Who are the "top 6" women soccer players with the most international goals? Alex Morgan No
25%
Who are the "top 6" point leaders in the National Hockey League? Marcel Dionne Yes
25%
Who are the "top 6" point leaders in the National Hockey League? Ron Francis Yes
11%
No matching quizzes found
Score Distribution
Percent of People with Each Score
Percentile by Number Answered
Your Score History
You have not taken this quiz